Latex skim ; The dunlop process (Record no. 62080)

MARC details
000 -LEADER
fixed length control field 00359nam a2200145Ia 4500
100 ## - MAIN ENTRY--AUTHOR NAME
Personal name Barnwell T H
245 #0 - TITLE STATEMENT
Title Latex skim ; The dunlop process
260 ## - PUBLICATION, DISTRIBUTION, ETC. (IMPRINT)
Name of publisher Planters Bulletin
Year of publication 1957
300 ## - PHYSICAL DESCRIPTION
Number of Pages 108-110
650 ## - SUBJECT ADDED ENTRY--TOPICAL TERM
Topical Term Deproteinisation
650 ## - SUBJECT ADDED ENTRY--TOPICAL TERM
Topical Term Dunlop process
650 ## - SUBJECT ADDED ENTRY--TOPICAL TERM
Topical Term Latex skim
942 ## - ADDED ENTRY ELEMENTS (KOHA)
Koha item type Journals
Holdings
Withdrawn status Lost status Damaged status Not for loan Home library Current library Shelving location Date acquired Serial Enumeration / chronology Koha item type
      Journals RRII Library RRII Library Rubber chemistry 17/12/2021 Volume 33, Issue Journals